[Event "13th American Continental playoff"]
[Site "Montevideo URU"]
[Date "2018.06.10"]
[Round "1"]
[White "Mareco, Sandro"]
[Black "Cori Quispe, Kevin Joel"]
[Result "1/2-1/2"]
[WhiteElo "2643"]
[BlackElo "2468"]
[PlyCount "65"]
[EventDate "2018.06.10"]

1. d4 Nf6 2. c4 e6 3. Nf3 Bb4+ 4. Nbd2 O-O 5. a3 Be7 6. e4 d6 7. Be2 Nfd7 8.
Nb1 e5 9. Nc3 exd4 10. Nxd4 Nc6 11. Be3 Bf6 12. O-O Nc5 13. Rb1 Re8 14. f3 Be5
15. Rf2 Nxd4 16. Bxd4 Ne6 17. Be3 Bxc3 18. bxc3 b6 19. Bf1 Bb7 20. Rd2 Qf6 21.
Qc2 Bc6 22. Re1 h5 23. Qc1 a5 24. Bd4 Qg6 25. Bd3 Nc5 26. Bxc5 bxc5 27. e5 Qg5
28. exd6 cxd6 29. Rde2 Qxc1 30. Rxc1 Rab8 31. Rxe8+ Bxe8 32. Rb1 Rxb1+ 33. Bxb1
1/2-1/2

[Event "13th American Continental playoff"]
[Site "Montevideo URU"]
[Date "2018.06.10"]
[Round "1"]
[White "Salinas Herrera, Pablo"]
[Black "Cori Tello, Jorge"]
[Result "0-1"]
[WhiteElo "2463"]
[BlackElo "2659"]
[PlyCount "94"]
[EventDate "2018.06.10"]

1. e4 c5 2. Nf3 e6 3. d4 cxd4 4. Nxd4 Nc6 5. Nc3 Qc7 6. Qd3 a6 7. Nxc6 Qxc6 8.
Be2 d6 9. Bg5 b5 10. a3 Bb7 11. O-O-O Rc8 12. Kb1 Nf6 13. Bxf6 gxf6 14. f4 Qc5
15. f5 Be7 16. fxe6 fxe6 17. Qh3 Qe5 18. Bh5+ Kd7 19. Nd5 Kd8 20. Rhe1 Rc4 21.
Nc3 Bc8 22. Rd3 Rc5 23. Bf3 h5 24. Red1 Kc7 25. Ne2 Bd7 26. Nd4 Kb8 27. Nb3 Rc7
28. c3 Bc8 29. Rd4 Bb7 30. Nc1 Bc8 31. a4 bxa4 32. Rxa4 Rb7 33. Be2 a5 34. Qf3
Bd7 35. Ra3 Bc6 36. Bd3 d5 37. Rxa5 Qxc3 38. Ra2 Qb4 39. Bc2 dxe4 40. Qg3+ e5
41. Bb3 Rc8 42. Be6 Rd8 43. Rxd8+ Bxd8 44. Qg8 Qd4 45. Bb3 e3 46. Ra6 Be4+ 47.
Ka2 Ra7 0-1

[Event "13th American Continental playoff"]
[Site "Montevideo URU"]
[Date "2018.06.10"]
[Round "1"]
[White "Escalante Ramirez, Brian Sebastian"]
[Black "Cordova Daza, Emilio"]
[Result "0-1"]
[WhiteElo "2422"]
[BlackElo "2621"]
[PlyCount "88"]
[EventDate "2018.06.10"]

1. e4 c5 2. Nf3 Nc6 3. d4 cxd4 4. Nxd4 Nf6 5. Nc3 e5 6. Ndb5 d6 7. a4 a6 8. Na3
Be6 9. Bc4 Rc8 10. O-O Be7 11. Be3 O-O 12. Re1 Nb4 13. Nd5 Nbxd5 14. exd5 Bd7
15. Bb3 Ng4 16. Bd2 f5 17. h3 Nf6 18. Nc4 Kh8 19. Ba5 Qe8 20. Nb6 Rb8 21. c4
Bd8 22. Bc2 Bxb6 23. Bxb6 Rc8 24. Qe2 Nh5 25. Ra3 Nf4 26. Qf1 Nxd5 27. Ba5 Nf4
28. Bd2 Qf7 29. Bxf4 exf4 30. Rc3 Bc6 31. c5 dxc5 32. Re5 f3 33. gxf3 Qh5 34.
Rexc5 Rf6 35. f4 Qh4 36. Rxf5 Rxf5 37. Bxf5 Rf8 38. Bg4 Rxf4 39. Qe2 h5 40.
Bxh5 Re4 41. Qd1 Qe7 42. Qd2 Re1+ 43. Kh2 Rh1+ 44. Kg3 Rg1+ 0-1

[Event "13th American Continental playoff"]
[Site "Montevideo URU"]
[Date "2018.06.10"]
[Round "2"]
[White "Cori Tello, Jorge"]
[Black "Escalante Ramirez, Brian Sebastian"]
[Result "1-0"]
[WhiteElo "2659"]
[BlackElo "2422"]
[PlyCount "77"]
[EventDate "2018.06.10"]

1. d4 Nf6 2. Nf3 g6 3. c3 Bg7 4. Bf4 O-O 5. h3 d6 6. e3 b6 7. Nbd2 Bb7 8. Be2
Nbd7 9. O-O Qe8 10. Bh2 e5 11. dxe5 dxe5 12. a4 a6 13. Nc4 Ne4 14. Nfd2 Nxd2
15. Qxd2 Qe7 16. Rfd1 Rad8 17. Qe1 Nc5 18. b4 Rxd1 19. Qxd1 Rd8 20. Qf1 Ne4 21.
Rc1 h5 22. f3 Nd2 23. Nxd2 Rxd2 24. Bxa6 Bxa6 25. Qxa6 Qg5 26. Qa8+ Kh7 27. f4
Qf5 28. fxe5 Qf2+ 29. Kh1 Re2 30. Qf3 Re1+ 31. Rxe1 Qxe1+ 32. Bg1 Qxc3 33. Qxf7
Qxe5 34. Qc4 Bf8 35. Qf7+ Bg7 36. Qa2 Bh6 37. a5 Bxe3 38. Qe2 bxa5 39. bxa5 1-0

[Event "13th American Continental playoff"]
[Site "Montevideo URU"]
[Date "2018.06.10"]
[Round "2"]
[White "Cori Quispe, Kevin Joel"]
[Black "Salinas Herrera, Pablo"]
[Result "1-0"]
[WhiteElo "2468"]
[BlackElo "2463"]
[PlyCount "125"]
[EventDate "2018.06.10"]

1. e4 c5 2. Nf3 e6 3. d4 cxd4 4. Nxd4 a6 5. Bd3 Bc5 6. Nb3 Ba7 7. O-O Ne7 8.
Qe2 Nbc6 9. Be3 Bxe3 10. Qxe3 d6 11. c4 O-O 12. Nc3 e5 13. Rfd1 Be6 14. Nd5
Bxd5 15. cxd5 Nb4 16. Bb1 a5 17. a3 Na6 18. Bd3 a4 19. Bxa6 Rxa6 20. Nd2 f5 21.
Rac1 Ra5 22. f3 fxe4 23. fxe4 Ng6 24. g3 Rb5 25. Rc2 h6 26. Rf1 Rxf1+ 27. Kxf1
Ra5 28. Kg2 Ra8 29. Nb1 Qd7 30. Nc3 Qg4 31. Rf2 Rc8 32. Kf1 Kh7 33. Ke1 Rc4 34.
Qe2 Qc8 35. Kf1 Rd4 36. Kg2 Rc4 37. h4 Rc5 38. Nxa4 Rc1 39. Nc3 Kg8 40. Qh5 Qe8
41. Qg4 Nf8 42. Qf5 Qe7 43. a4 b6 44. Qg4 Qe8 45. Nb5 Qe7 46. Qf5 Rc4 47. b3
Rc5 48. Qg4 Kh7 49. Qf3 Kg8 50. Na3 Nh7 51. Nc4 b5 52. Nxd6 bxa4 53. bxa4 Ra5
54. Nf5 Qd7 55. Qc3 Rxa4 56. Qxe5 Ra8 57. Qe7 Rd8 58. Qxd7 Rxd7 59. d6 Kf7 60.
Nd4+ Kg8 61. e5 g5 62. Nf5 gxh4 63. e6 1-0

[Event "13th American Continental playoff"]
[Site "Montevideo URU"]
[Date "2018.06.10"]
[Round "2"]
[White "Hungaski, Robert"]
[Black "Mareco, Sandro"]
[Result "0-1"]
[WhiteElo "2510"]
[BlackElo "2643"]
[PlyCount "58"]
[EventDate "2018.06.10"]

1. Nf3 d5 2. d4 Nf6 3. c4 e6 4. g3 Bb4+ 5. Bd2 Be7 6. Bg2 O-O 7. O-O Nbd7 8.
Qc2 c6 9. Rd1 b6 10. b3 Bb7 11. Nc3 Rc8 12. Ne1 c5 13. dxc5 Nxc5 14. Bf4 a6 15.
Rac1 b5 16. cxd5 exd5 17. Qd2 Nce4 18. Nxe4 Nxe4 19. Rxc8 Qxc8 20. Bxe4 dxe4
21. Rc1 Qe6 22. Rc7 Rd8 23. Qc1 Ba8 24. Nc2 h6 25. h4 Bf6 26. Nb4 e3 27. Bxe3
Bb2 28. Qc2 Be4 29. Rc6 Qh3 0-1

[Event "13th American Continental playoff"]
[Site "Montevideo URU"]
[Date "2018.06.10"]
[Round "3"]
[White "Salinas Herrera, Pablo"]
[Black "Hungaski, Robert"]
[Result "0-1"]
[WhiteElo "2463"]
[BlackElo "2510"]
[PlyCount "56"]
[EventDate "2018.06.10"]

1. d4 d5 2. c4 dxc4 3. e4 Nc6 4. Nf3 Bg4 5. Be3 Bxf3 6. gxf3 e6 7. Nc3 Bb4 8.
Bxc4 Qf6 9. a3 Ba5 10. Bb5 Nge7 11. e5 Qh4 12. Qa4 O-O 13. Rg1 a6 14. Bxc6
Bxc3+ 15. bxc3 bxc6 16. Bg5 Qxh2 17. Ke2 Nf5 18. Qxc6 Rab8 19. Rgb1 Ng3+ 20.
Ke3 Nf5+ 21. Ke2 Ng3+ 22. Ke3 Rxb1 23. Rxb1 Nh1 24. Be7 Qxf2+ 25. Kd3 Ng3 26.
Kc4 Qa2+ 27. Rb3 Rb8 28. Bb4 Qe2+ 0-1

[Event "13th American Continental playoff"]
[Site "Montevideo URU"]
[Date "2018.06.10"]
[Round "3"]
[White "Escalante Ramirez, Brian Sebastian"]
[Black "Cori Quispe, Kevin Joel"]
[Result "1-0"]
[WhiteElo "2422"]
[BlackElo "2468"]
[PlyCount "87"]
[EventDate "2018.06.10"]

1. e4 c5 2. Nc3 Nc6 3. Nge2 Nd4 4. d3 e6 5. Be3 Nxe2 6. Bxe2 d6 7. d4 cxd4 8.
Qxd4 Ne7 9. O-O-O Nc6 10. Qd2 a6 11. Bf4 Be7 12. Bxd6 O-O 13. Bxe7 Qxe7 14. f4
Rd8 15. Qe3 b5 16. Rxd8+ Nxd8 17. e5 Bb7 18. Ne4 Bd5 19. Bf3 Nb7 20. Rd1 Qc7
21. Nc3 Bxf3 22. Qxf3 Rc8 23. Qd3 Rd8 24. Qe3 Rxd1+ 25. Kxd1 h6 26. Ne4 Qc4 27.
Nd2 Qxa2 28. Qb6 Qd5 29. Qxa6 Qxg2 30. Qxb5 Qh1+ 31. Qf1 Qxh2 32. b4 g5 33.
fxg5 Qxe5 34. gxh6 Qa1+ 35. Ke2 Qe5+ 36. Kd1 Qa1+ 37. Ke2 Qe5+ 38. Kd3 Qd5+ 39.
Kc3 Nd6 40. Qg1+ Kf8 41. h7 Qe5+ 42. Kb3 Ke7 43. Qc5 Qh2 44. Qc7+ 1-0

[Event "13th American Continental playoff"]
[Site "Montevideo URU"]
[Date "2018.06.10"]
[Round "3"]
[White "Cordova Daza, Emilio"]
[Black "Cori Tello, Jorge"]
[Result "1/2-1/2"]
[WhiteElo "2621"]
[BlackElo "2659"]
[PlyCount "39"]
[EventDate "2018.06.10"]

1. Nf3 d5 2. g3 Nf6 3. Bg2 c6 4. O-O Bg4 5. c4 Nbd7 6. cxd5 cxd5 7. d4 e6 8.
Nc3 Bd6 9. h3 Bxf3 10. Bxf3 O-O 11. Qb3 Qb6 12. Qxb6 Nxb6 13. b3 a6 14. Bb2
Rfc8 15. Rfc1 Rc7 16. Nd1 Rac8 17. Rxc7 Rxc7 18. Rc1 Rxc1 19. Bxc1 Kf8 20. g4
1/2-1/2

[Event "13th American Continental playoff"]
[Site "Montevideo URU"]
[Date "2018.06.10"]
[Round "4"]
[White "Cori Quispe, Kevin Joel"]
[Black "Cordova Daza, Emilio"]
[Result "1/2-1/2"]
[WhiteElo "2468"]
[BlackElo "2621"]
[PlyCount "122"]
[EventDate "2018.06.10"]

1. e4 c5 2. Nf3 Nc6 3. Bb5 e6 4. O-O Nge7 5. d4 cxd4 6. Nxd4 Ng6 7. Be2 Be7 8.
c4 O-O 9. Be3 Nxd4 10. Qxd4 b6 11. Nc3 Bb7 12. Rad1 Bc6 13. f4 e5 14. fxe5 Bc5
15. Qd2 Qe7 16. Bxc5 Qxc5+ 17. Qd4 Nxe5 18. b4 Qxd4+ 19. Rxd4 f6 20. Rc1 Rac8
21. c5 bxc5 22. bxc5 Rb8 23. a4 Rb2 24. Bf1 g6 25. Nb5 f5 26. Nxa7 Bxe4 27. Nb5
Bc6 28. Re1 Re8 29. Rdd1 Kf8 30. Nd6 Re6 31. a5 f4 32. Rxe5 Rxe5 33. Nc4 Rxg2+
34. Bxg2 Rg5 35. Rd2 f3 36. h4 Rxc5 37. Bf1 Bb5 38. Rd4 Ke7 39. Kf2 Bxc4 40.
Bxc4 Rxa5 41. Kxf3 Rc5 42. Bd3 Re5 43. Kf4 d6 44. Rb4 Kf6 45. Rb7 Rh5 46. Kg4
Rd5 47. Bc2 Rd4+ 48. Kg3 h5 49. Rb5 Rg4+ 50. Kh3 Rc4 51. Bb1 Rc3+ 52. Kg2 Rc4
53. Kg3 Rc3+ 54. Kg2 Rc4 55. Kg3 Rc1 56. Be4 Rc3+ 57. Bf3 Rd3 58. Ra5 d5 59.
Rxd5 Rxd5 60. Bxd5 g5 61. hxg5+ Kxg5 1/2-1/2

[Event "13th American Continental playoff"]
[Site "Montevideo URU"]
[Date "2018.06.10"]
[Round "4"]
[White "Hungaski, Robert"]
[Black "Escalante Ramirez, Brian Sebastian"]
[Result "0-1"]
[WhiteElo "2510"]
[BlackElo "2422"]
[PlyCount "76"]
[EventDate "2018.06.10"]

1. Nf3 Nf6 2. c4 g6 3. Nc3 Bg7 4. e4 d6 5. d4 O-O 6. Be2 Na6 7. Bf4 Nh5 8. Bg5
h6 9. Be3 Nf6 10. h3 e5 11. d5 Nc5 12. Nd2 a5 13. g4 Ne8 14. Qc2 Bd7 15. O-O-O
c6 16. Kb1 a4 17. a3 Qa5 18. Na2 Nc7 19. Qc3 Qa7 20. f3 Rfc8 21. Nf1 cxd5 22.
cxd5 Nb5 23. Bxb5 Bxb5 24. Qd2 Qb8 25. Nb4 Nb3 26. Qf2 Nd4 27. Ng3 Rc4 28. Rc1
Qc7 29. Rxc4 Qxc4 30. Rc1 Qb3 31. Rc3 Qd1+ 32. Rc1 Qb3 33. Rc3 Qd1+ 34. Bc1 Bf6
35. Ka2 Bh4 36. f4 Ne2 37. Qb6 Nxc3+ 38. bxc3 Bc4+ 0-1

[Event "13th American Continental playoff"]
[Site "Montevideo URU"]
[Date "2018.06.10"]
[Round "4"]
[White "Mareco, Sandro"]
[Black "Salinas Herrera, Pablo"]
[Result "0-1"]
[WhiteElo "2643"]
[BlackElo "2463"]
[PlyCount "104"]
[EventDate "2018.06.10"]

1. e4 c5 2. Nf3 d6 3. d4 cxd4 4. Nxd4 Nf6 5. Nc3 a6 6. Be2 e5 7. Nf3 Be7 8. Bg5
Be6 9. Bxf6 Bxf6 10. Nd5 Nd7 11. Bc4 O-O 12. O-O Nb6 13. Bb3 Nxd5 14. Bxd5 Qc7
15. c3 Qc5 16. Bxe6 fxe6 17. Qb3 Qc8 18. a4 Rb8 19. Rfd1 Be7 20. a5 Kh8 21. Ra4
Rf6 22. Rc4 Qe8 23. Rc7 Bf8 24. Rxb7 Rxb7 25. Qxb7 Qa4 26. Rf1 Qxa5 27. Qc6 h6
28. h3 Qa2 29. b4 Qe2 30. c4 Kh7 31. Re1 Qb2 32. b5 axb5 33. cxb5 Qb4 34. Ra1
d5 35. Rc1 dxe4 36. Nxe5 Rf5 37. Qxe6 Rxf2 38. Kxf2 Qd2+ 39. Kg3 Qe3+ 40. Nf3
Qxc1 41. Qxe4+ Kh8 42. Qc6 Qa3 43. h4 Bd6+ 44. Kh3 Qd3 45. Qc8+ Kh7 46. Qd7 Qd1
47. Qf5+ Kh8 48. Qc8+ Kh7 49. Qf5+ Kh8 50. Kg4 Qa4+ 51. Kh5 Qa8 52. Qe6 Qb8 0-1

[Event "13th American Continental playoff"]
[Site "Montevideo URU"]
[Date "2018.06.10"]
[Round "5"]
[White "Escalante Ramirez, Brian Sebastian"]
[Black "Mareco, Sandro"]
[Result "0-1"]
[WhiteElo "2422"]
[BlackElo "2643"]
[PlyCount "92"]
[EventDate "2018.06.10"]

1. e4 c5 2. Nc3 e6 3. Nge2 a6 4. g3 Nf6 5. Bg2 d6 6. O-O Be7 7. h3 Nc6 8. g4 h6
9. d3 g5 10. f4 gxf4 11. Bxf4 Nd7 12. Ng3 Nde5 13. Qd2 Bg5 14. Nh5 b5 15. Ne2
Bb7 16. c3 Qe7 17. b3 O-O-O 18. d4 Ng6 19. Bxg5 hxg5 20. a4 b4 21. cxb4 Nxb4
22. Rac1 Kb8 23. Qe3 cxd4 24. Nxd4 Ne5 25. Rcd1 Rc8 26. Nf3 f6 27. Qd2 Ned3 28.
Ne1 Nxe1 29. Rfxe1 d5 30. exd5 Rc2 31. Qd4 Rxg2+ 32. Kxg2 Nxd5 33. Kg1 e5 34.
Qd2 Qc5+ 35. Qf2 Qc3 36. Rxd5 Bxd5 37. Re3 Qd4 38. Nxf6 Bc6 39. Nh5 Rd8 40. Qg3
Ka8 41. Qf2 Qd1+ 42. Re1 Qxb3 43. Ng3 Qc3 44. Re3 Rd1+ 45. Nf1 Qd4 46. Rb3
Rxf1+ 0-1

[Event "13th American Continental playoff"]
[Site "Montevideo URU"]
[Date "2018.06.10"]
[Round "5"]
[White "Cordova Daza, Emilio"]
[Black "Hungaski, Robert"]
[Result "1-0"]
[WhiteElo "2621"]
[BlackElo "2510"]
[PlyCount "93"]
[EventDate "2018.06.10"]

1. Nf3 d5 2. d4 Nf6 3. g3 Bf5 4. Bg2 c6 5. c4 e6 6. Qb3 Qb6 7. O-O Nbd7 8. Nbd2
h6 9. Qd1 Be7 10. b3 a5 11. a4 O-O 12. Bb2 Rfd8 13. Re1 Bb4 14. Qc1 Rac8 15. c5
Qa7 16. Bc3 b6 17. Bxb4 axb4 18. cxb6 Qxb6 19. Qb2 Bh7 20. Rec1 Qa5 21. Bf1 Rc7
22. e3 Rdc8 23. h3 Ne8 24. e4 dxe4 25. Nc4 Qa7 26. Nfe5 c5 27. Nxd7 Rxd7 28.
dxc5 Rxc5 29. a5 e3 30. Nxe3 Rxa5 31. Rc8 Kf8 32. Rac1 f6 33. Qe2 Ra1 34. Qh5
Re7 35. Rxa1 Qxa1 36. Kh2 Bg8 37. Qc5 Qa7 38. Qxb4 Kf7 39. Be2 Bh7 40. Bh5+ Bg6
41. Bf3 Nc7 42. Kg2 Bd3 43. Nc4 Bxc4 44. Qxc4 Qb6 45. Bh5+ g6 46. Bxg6+ Kg7 47.
Qg4 1-0

[Event "13th American Continental playoff"]
[Site "Montevideo URU"]
[Date "2018.06.10"]
[Round "5"]
[White "Cori Tello, Jorge"]
[Black "Cori Quispe, Kevin Joel"]
[Result "1/2-1/2"]
[WhiteElo "2659"]
[BlackElo "2468"]
[PlyCount "114"]
[EventDate "2018.06.10"]

1. d4 Nf6 2. Nf3 e6 3. e3 c5 4. Bd3 Nc6 5. O-O d5 6. b3 Bd6 7. Bb2 O-O 8. Nbd2
b6 9. a3 Bb7 10. Qe2 Rc8 11. Rfd1 Qc7 12. c4 dxc4 13. Nxc4 Be7 14. dxc5 bxc5
15. Ng5 h6 16. Ne4 Nxe4 17. Bxe4 Rfd8 18. Qg4 Bf8 19. Qg3 Qxg3 20. hxg3 Na5 21.
Bxb7 Nxb7 22. Bc3 f6 23. Kf1 Nd6 24. Ba5 Rd7 25. Nxd6 Rxd6 26. Rxd6 Bxd6 27.
Rc1 Rb8 28. Rd1 Bf8 29. Rd3 Rb5 30. Bd2 Rb7 31. Ke2 Kf7 32. Rc3 Bd6 33. f4 g5
34. e4 Kg6 35. Kf3 h5 36. Ke2 Be7 37. Be3 Rb6 38. Kd3 Ra6 39. a4 Rb6 40. Kc2
Rb4 41. Kd3 Bd6 42. fxg5 fxg5 43. Bf2 Kf6 44. Be3 Kg6 45. Bd2 Rd4+ 46. Ke3 Bxg3
47. Rxc5 Bf2+ 48. Kxf2 Rxd2+ 49. Kf1 Rb2 50. Rb5 a5 51. Rxa5 Rxb3 52. Ra8 Kf6
53. a5 Ke5 54. a6 h4 55. Rg8 Ra3 56. Rxg5+ Kxe4 57. Rh5 Rxa6 1/2-1/2

[Event "13th American Continental playoff"]
[Site "Montevideo URU"]
[Date "2018.06.10"]
[Round "6"]
[White "Hungaski, Robert"]
[Black "Cori Tello, Jorge"]
[Result "0-1"]
[WhiteElo "2510"]
[BlackElo "2659"]
[PlyCount "126"]
[EventDate "2018.06.10"]

1. Nf3 d5 2. d4 Nf6 3. c4 e6 4. g3 Be7 5. Bg2 O-O 6. O-O Nbd7 7. Qc2 c6 8. Nbd2
b6 9. b3 Bb7 10. Bb2 Rc8 11. Rac1 c5 12. Qb1 dxc4 13. Nxc4 b5 14. Ncd2 Qb6 15.
Rfd1 Rfd8 16. Qa1 a6 17. dxc5 Bxc5 18. Bd4 Bxd4 19. Qxd4 Nc5 20. Qf4 h6 21. Ne5
Bxg2 22. Kxg2 Qb7+ 23. Ndf3 Rxd1 24. Rxd1 Nce4 25. Rc1 Nc3 26. Rc2 b4 27. Nc4
Nfe4 28. Nd6 Nxd6 29. Qxd6 Qe4 30. Rd2 a5 31. Qa6 Ra8 32. Qd3 Qxd3 33. exd3 a4
34. Nd4 a3 35. Rc2 Kf8 36. Kf3 Rd8 37. Ke3 Nd1+ 38. Ke2 Rxd4 39. Kxd1 Rxd3+ 40.
Ke2 Rd4 41. Rc7 g5 42. h3 Kg7 43. Rc5 f6 44. Rc6 e5 45. g4 Kg6 46. f3 Rf4 47.
Ke3 h5 48. Rd6 h4 49. Rd5 Kf7 50. Rd8 Ke6 51. Rd1 Ke7 52. Rd5 e4 53. fxe4 Rf1
54. Rb5 Rh1 55. e5 fxe5 56. Rxb4 Rxh3+ 57. Ke4 Rh1 58. Kxe5 h3 59. Rb7+ Kd8 60.
Rb8+ Kc7 61. Rh8 h2 62. Rh7+ Kc6 63. Rh6+ Kb5 0-1

[Event "13th American Continental playoff"]
[Site "Montevideo URU"]
[Date "2018.06.10"]
[Round "6"]
[White "Mareco, Sandro"]
[Black "Cordova Daza, Emilio"]
[Result "1-0"]
[WhiteElo "2643"]
[BlackElo "2621"]
[PlyCount "73"]
[EventDate "2018.06.10"]

1. Nf3 c5 2. c4 b6 3. d4 cxd4 4. Nxd4 Bb7 5. f3 Nf6 6. e4 d6 7. Nc3 e6 8. Be3
Be7 9. Be2 O-O 10. Qd2 a6 11. O-O-O Nbd7 12. g4 Rc8 13. g5 Ne8 14. Kb1 Ne5 15.
b3 Nc6 16. Nc2 b5 17. cxb5 axb5 18. Nxb5 Ne5 19. h4 Qd7 20. Nbd4 Nc7 21. h5 d5
22. f4 Nc6 23. e5 Ra8 24. g6 h6 25. f5 Nxe5 26. Bxh6 Bf6 27. Bxg7 Bxg7 28. h6
fxg6 29. hxg7 Qxg7 30. fxg6 Rf2 31. Rh7 Qxg6 32. Rxc7 Ba6 33. Qa5 Nc4 34. bxc4
Rb8+ 35. Ka1 Qg3 36. Rd7 Rg2 37. Rd8+ 1-0

[Event "13th American Continental playoff"]
[Site "Montevideo URU"]
[Date "2018.06.10"]
[Round "7"]
[White "Cordova Daza, Emilio"]
[Black "Salinas Herrera, Pablo"]
[Result "1-0"]
[WhiteElo "2621"]
[BlackElo "2463"]
[PlyCount "89"]
[EventDate "2018.06.10"]

1. Nf3 d5 2. g3 Bg4 3. Bg2 e6 4. O-O Nf6 5. d3 c5 6. Nbd2 Nc6 7. c3 Be7 8. a3
O-O 9. b4 Qc7 10. Bb2 a6 11. Rc1 Rad8 12. h3 Bh5 13. Qe1 b5 14. Nh2 c4 15. d4
Bg6 16. f4 Nd7 17. e4 dxe4 18. Nxe4 Nb6 19. Rd1 a5 20. g4 axb4 21. axb4 Nd5 22.
Bc1 Rfe8 23. h4 Nxc3 24. Qxc3 Bxb4 25. Qb2 Qa5 26. Nf6+ gxf6 27. Bxc6 c3 28.
Qf2 c2 29. Rd2 Re7 30. f5 exf5 31. Rxc2 Be1 32. Qg2 fxg4 33. Nxg4 Bxh4 34. Rc5
Rxd4 35. Bd5 Rc7 36. Nh6+ Kh8 37. Qe2 Kg7 38. Qe8 Bf2+ 39. Rxf2 Rd1+ 40. Kh2
Rxc1 41. Rxc1 Rxc1 42. Nf5+ Bxf5 43. Qxf7+ Kh6 44. Qxf6+ Bg6 45. Qf8+ 1-0

[Event "13th American Continental playoff"]
[Site "Montevideo URU"]
[Date "2018.06.10"]
[Round "7"]
[White "Cori Tello, Jorge"]
[Black "Mareco, Sandro"]
[Result "1-0"]
[WhiteElo "2659"]
[BlackElo "2643"]
[PlyCount "117"]
[EventDate "2018.06.10"]

1. d4 Nf6 2. c4 e6 3. Nf3 d5 4. Nc3 c6 5. e3 Nbd7 6. Qc2 Bd6 7. Bd3 dxc4 8.
Bxc4 O-O 9. O-O b5 10. Be2 Bb7 11. a3 a6 12. e4 e5 13. dxe5 Nxe5 14. Nd4 g6 15.
Bg5 c5 16. Nf3 Nxf3+ 17. Bxf3 Be5 18. Rfd1 Qc7 19. h4 Rfe8 20. Rac1 Rac8 21. a4
b4 22. Nd5 Nxd5 23. exd5 Qd6 24. Be3 c4 25. a5 c3 26. bxc3 Rxc3 27. Qd2 Rec8
28. Rb1 R8c4 29. h5 Rh4 30. g3 Rhc4 31. Qe1 b3 32. h6 Kf8 33. Bg2 f5 34. Bb6 f4
35. gxf4 Rxf4 36. Rd2 Rg4 37. Qd1 Rg5 38. Rxb3 Rc4 39. Be3 Rxg2+ 40. Kxg2 Bc8
41. f3 Rh4 42. Qg1 Rh2+ 43. Kf1 Bh3+ 44. Ke1 Rxd2 45. Bxd2 Qxd5 46. Qb6 Be6 47.
Re3 Kf7 48. Qa7+ Kg8 49. Qxa6 Bd7 50. Qb6 Bg3+ 51. Kf1 Bh4 52. Qb8+ Kf7 53.
Qf4+ Bf6 54. Re4 g5 55. Qe3 Bf5 56. Rb4 Be6 57. a6 Be7 58. Re4 Bc5 59. Qxg5 1-0